01326nam a2200253 a 450000100100000000500170001000800410002704000250006808200160009310000480010924500930015726000480025030000310029849000310032949000690036059000610042950400260049083000760051683000380059295201290063095201720075995201240093199900170105500004562920201002052344.0090828s1989 dr e 000 0 spa d aDO-SdBNPbspacBNPHU axxxxbR252m1 aRavelo de la Fuente, Julio E.d1910-91777910aManual de procedimientos y relgamentaciones catastrales /cJulio E. Ravelo de la Fuente. aSanto Domingo :bUniversitaria-UASD,c1989. a283 p. :bplanos ;c21 cm.1 aCiencia y Tecnologíav231 aPublicaciones de la Universidad Autónoma de Santo Domingov542 aPerteneció a la biblioteca personal de Erick Landestoy aBibliografía p: 273 0aPublicaciones de la Universidad Autónoma de Santo Domingon542973695 0aCiencia y Tecnologían23973696 001054708DSaGRbGRcHDd2015-05-12iLF1l0oxxxx R252mp45629-30r2020-06-25te. 3w2020-06-25yLFDSZPréstamo en sala 0010718PDaPDbPDcHDd2015-04-17iLF1l0oxxxx R252mp45629-10r2020-06-25w2020-06-25yLFPDzPerteneció a la biblioteca personal de Erick LandestoyZNo se presta 0010718PDaPDbPDcHDd2015-05-12iLF1l0oxxxx R252mp45629-20r2020-06-25te. 2w2020-06-25yLFPDzHDZNo se presta c45118d45118